[Event "Klatovy op-A"]
[Site "Klatovy"]
[Date "1998.??.??"]
[Round "?"]
[White "Cerny, Richard"]
[Black "Muk, Ivo"]
[Result "0-1"]
[WhiteElo "1970"]
[BlackElo "1885"]
[PlyCount "68"]
[EventDate "1998.??.??"]
[EventType "swiss"]
[EventRounds "9"]
[EventCountry "CZE"]
[SourceTitle "EXT 2000"]
[Source "ChessBase"]
[SourceDate "1999.11.16"]
[SourceVersion "1"]
[SourceVersionDate "1999.11.16"]
[SourceQuality "1"]

1. e4 c5 2. f4 d5 3. Bb5+ Bd7 4. Bxd7+ Qxd7 5. e5 Nc6 6. d3 f6 7. Nf3 0-0-0 8. 0-0 h5 9. Qe2 e6 10. c3 d4 11. c4 Nh6 12. Nbd2 Ng4 13. Ne4 Be7 14. Nf2 Rdg8 15. a3 Nxf2 16. Rxf2 h4 17. Bd2 f5 18. Qe1 Nd8 19. b4 Nf7 20. bxc5 g5 21. Bb4 g4 22. Nd2 g3 23. hxg3 hxg3 24. Rf3 Nh6 25. c6 bxc6 26. Bxe7 Qxe7 27. Nf1 Ng4 28. Rxg3 Rg7 29. Qa5 Qh4 30. Rh3 Qf2+ 31. Kh1 Rxh3+ 32. gxh3 Qf3+ 33. Kg1 Ne3+ 34. Ng3 Qg2# 0-1

[Event "Klatovy op-A"]
[Site "Klatovy"]
[Date "1998.??.??"]
[Round "?"]
[White "Herejk, Petr"]
[Black "Muk, Ivo"]
[Result "1-0"]
[WhiteElo "2125"]
[BlackElo "1885"]
[PlyCount "75"]
[EventDate "1998.??.??"]
[EventType "swiss"]
[EventRounds "9"]
[EventCountry "CZE"]
[SourceTitle "EXT 2000"]
[Source "ChessBase"]
[SourceDate "1999.11.16"]
[SourceVersion "1"]
[SourceVersionDate "1999.11.16"]
[SourceQuality "1"]

1. e4 c5 2. d4 cxd4 3. Nf3 a6 4. Nxd4 Nf6 5. Nc3 e5 6. Nb3 Bb4 7. Bg5 Qc7 8. Qf3 d5 9. exd5 Bg4 10. Qd3 Nbd7 11. f3 Bh5 12. 0-0-0 Rc8 13. a3 Bxa3 14. bxa3 Qxc3 15. Qxc3 Rxc3 16. Kb2 Rc8 17. c4 0-0 18. Be3 e4 19. g4 Bg6 20. g5 Nh5 21. f4 Bf5 22. Be2 g6 23. Nd4 Ng7 24. h4 Nc5 25. h5 Bd7 26. Rh4 Nf5 27. Nxf5 Bxf5 28. Rdh1 Nd3+ 29. Kb3 b5 30. hxg6 bxc4+ 31. Kc3 Bxg6 32. Bg4 h5 33. gxh6 Rb8 34. h7+ Kg7 35. f5 Bxh7 36. Rxh7+ Kf6 37. Bd4+ Kg5 38. Rg7+ 1-0

[Event "Klatovy op-A"]
[Site "Klatovy"]
[Date "1998.??.??"]
[Round "?"]
[White "Muk, Ivo"]
[Black "Hadac, Pavel Jr"]
[Result "1/2-1/2"]
[WhiteElo "1885"]
[BlackElo "2025"]
[PlyCount "125"]
[EventDate "1998.??.??"]
[EventType "swiss"]
[EventRounds "9"]
[EventCountry "CZE"]
[SourceTitle "EXT 2000"]
[Source "ChessBase"]
[SourceDate "1999.11.16"]
[SourceVersion "1"]
[SourceVersionDate "1999.11.16"]
[SourceQuality "1"]

1. d4 Nf6 2. c4 g6 3. Nc3 d5 4. Nf3 Bg7 5. cxd5 Nxd5 6. e4 Nxc3 7. bxc3 0-0 8. Bc4 c5 9. Rb1 Nc6 10. Be3 Bg4 11. Bd5 e6 12. Bxc6 bxc6 13. Qa4 Bxf3 14. gxf3 Qc7 15. Rb3 Rfb8 16. 0-0 Rxb3 17. axb3 Rb8 18. Rc1 h5 19. dxc5 Be5 20. h3 Kh7 21. Kg2 g5 22. b4 Kg6 23. Bd4 Bf4 24. Rg1 Qd7 25. Qc2 f6 26. e5+ f5 27. h4 g4 28. Kf1 Kg7 29. Qxf5 exf5 30. e6+ Kf8 31. exd7 Rd8 32. Kg2 Rxd7 33. Re1 Kf7 34. Re2 Bc7 35. Re3 Bd8 36. Re1 a5 37. bxa5 Bxa5 38. Re5 Rd5 39. Re2 Bd8 40. Ra2 Ke6 41. Ra7 Bxh4 42. Rc7 Be7 43. Rxc6+ Kd7 44. Rh6 Bxc5 45. Rxh5 Bxd4 46. cxd4 Rxd4 47. Rxf5 Ke6 48. Rf8 gxf3+ 49. Kxf3 Rb4 50. Kg3 Ra4 51. f4 Ke7 52. Rh8 Kf7 53. Kg4 Ra5 54. Rh6 Rb5 55. Ra6 Rb7 56. Kg5 Kg7 57. f5 Kf7 58. Rh6 Rb2 59. Rh7+ Kg8 60. Ra7 Rb6 61. f6 Rb2 62. Rg7+ Kf8 63. Rc7 1/2-1/2

[Event "Klatovy op-A"]
[Site "Klatovy"]
[Date "1998.??.??"]
[Round "?"]
[White "Muk, Ivo"]
[Black "Most, Zdenek"]
[Result "0-1"]
[WhiteElo "1885"]
[BlackElo "2130"]
[PlyCount "116"]
[EventDate "1998.??.??"]
[EventType "swiss"]
[EventRounds "9"]
[EventCountry "CZE"]
[SourceTitle "EXT 2000"]
[Source "ChessBase"]
[SourceDate "1999.11.16"]
[SourceVersion "1"]
[SourceVersionDate "1999.11.16"]
[SourceQuality "1"]

1. d4 g6 2. c4 Bg7 3. Nc3 d6 4. e4 Nf6 5. f3 0-0 6. Be3 c5 7. d5 Na6 8. Qd2 e6 9. 0-0-0 exd5 10. exd5 Re8 11. g4 Nc7 12. Bg5 a6 13. h4 b5 14. h5 bxc4 15. hxg6 fxg6 16. Ne4 Nxe4 17. Bxd8 Nxd2 18. Bxc7 Nxf1 19. Rxf1 Bf8 20. Nh3 Ra7 21. Ba5 Bg7 22. Ng5 Rb7 23. Bc3 Bxc3 24. bxc3 Re3 25. Ne4 Kg7 26. Rh2 Bxg4 27. Nxd6 Rxc3+ 28. Rc2 Rxc2+ 29. Kxc2 Bf5+ 30. Nxf5+ gxf5 31. Kc3 Rb4 32. Re1 Kf7 33. d6 Rb6 34. Re7+ Kf6 35. Rxh7 Rxd6 36. Kxc4 Rd4+ 37. Kxc5 Ra4 38. Rh2 Ke5 39. Kb6 Ra3 40. Rg2 Kf4 41. Rb2 Kg3 42. Rb3 Rxa2 43. Kc5 Rf2 44. Ra3 Rxf3 45. Rxa6 Rd3 46. Rg6+ Kf3 47. Rg1 Kf2 48. Rg5 f4 49. Kc4 Rd8 50. Kc3 f3 51. Kc2 Ke2 52. Re5+ Kf1 53. Rg5 f2 54. Rg7 Rd5 55. Rg8 Ke2 56. Re8+ Kf3 57. Rf8+ Kg3 58. Rg8+ Kf4 0-1